LEADER 01461nam 2200469 450 001 9910480589603321 005 20211005221904.0 010 $a84-9085-840-3 035 $a(CKB)3710000000862334 035 $a(MiAaPQ)EBC4760412 035 $a(MiAaPQ)EBC6522217 035 $a(Au-PeEL)EBL6522217 035 $a(OCoLC)966560551 035 $a(EXLCZ)993710000000862334 100 $a20170213d2016 uy 0 101 0 $aspa 135 $aurcnu|||||||| 181 $2rdacontent 182 $2rdamedia 183 $2rdacarrier 200 10$aDireccio?n de comunicacio?n y habilidades directivas$b[Recurso Electrónico] /$fBeatriz Pen?a Acun?a, Pablo Batalla Navarro 210 1$aMadrid :$cDykinson,$d2016. 215 $a1 online resource (144 pa?ginas) 311 $a84-9085-697-4 606 $aCommunication in organizations 606 $aIndustrial management 606 $aComunicacio?n 606 $aAdministracio?n de empresas 608 $aLibros electronicos. 615 0$aCommunication in organizations. 615 0$aIndustrial management. 615 4$aComunicacio?n. 615 4$aAdministracio?n de empresas. 676 $a658.45 700 $aPen?a Acun?a$b Beatriz$0846974 702 $aBatalla Navarro$b Pablo 801 0$bFINmELB 801 1$bFINmELB 906 $aBOOK 912 $a9910480589603321 996 $aDireccio?n de comunicacio?n y habilidades directivas$91892084 997 $aUNINA